Statistics for Fifa 13 Ultimate Team Bundesliga Best Players

Click here to take the quiz!

General Stats

  • This quiz has been taken 1,088 times
  • The average score is 12 of 16

Answer Stats

HintAnswer% Correct
GK Germany 87Manuel Neuer
98%
RM Netherlands 88Arjen Robben
96%
LM France 90Franck Ribery
95%
RB Germany 87Philipp Lahm
94%
CB Germany 85Mats Hummels
90%
ST Germany 87Mario Gomez
84%
CAM Germany 84Thomas Muller
80%
CDM Spain 83Javier Martinez Aginaga
78%
CAM Germany 84Mario Gotze
78%
CM Germany 86Bastian Schweinsteiger
76%
ST Germany 84Marco Reus
76%
ST Netherlands 85Klaas-Jan Huntelaar
67%
CAM Germany 84Toni Kroos
64%
LB Germany 78Marcel Schmelzer
62%
CAM Netherlands 85Rafael van der Vaart
54%
CB Germany 83Holger Badstuber
48%

Score Distribution

Percentile by Number Answered

Percent of People with Each Score

Your Score History

You have not taken this quiz